000 00362nam a2200157Ia 4500
003 LK-CoDNM
005 20230917115018.0
008 010623t1866 xxu||||| |||| 00| 1 eng d
040 _aLK-CoDNM
_dLK-CoDNM
_eLK-CoDNM
041 _aeng
080 _a12K4
245 _aA Sanskrit-English Dictionary
260 _b?
_c1866
300 _b138p., 20 cm
942 _cBK
999 _c81602
_d81602